<?xml version="1.0" encoding="UTF-8"?><?xml-stylesheet type="text/xsl" href="static/style.xsl"?><OAI-PMH xmlns="http://www.openarchives.org/OAI/2.0/" xmlns:xsi="http://www.w3.org/2001/XMLSchema-instance" xsi:schemaLocation="http://www.openarchives.org/OAI/2.0/ http://www.openarchives.org/OAI/2.0/OAI-PMH.xsd"><responseDate>2026-04-18T07:40:33Z</responseDate><request verb="GetRecord" identifier="oai:www.recercat.cat:20.500.12328/5056" metadataPrefix="marc">https://recercat.cat/oai/request</request><GetRecord><record><header><identifier>oai:recercat.cat:20.500.12328/5056</identifier><datestamp>2025-10-10T18:36:41Z</datestamp><setSpec>com_2072_67741</setSpec><setSpec>col_2072_484352</setSpec></header><metadata><record xmlns="http://www.loc.gov/MARC21/slim" xmlns:dcterms="http://purl.org/dc/terms/" xmlns:xsi="http://www.w3.org/2001/XMLSchema-instance" xmlns:doc="http://www.lyncode.com/xoai" xsi:schemaLocation="http://www.loc.gov/MARC21/slim http://www.loc.gov/standards/marcxml/schema/MARC21slim.xsd">
   <leader>00925njm 22002777a 4500</leader>
   <datafield ind2=" " ind1=" " tag="042">
      <subfield code="a">dc</subfield>
   </datafield>
   <datafield ind2=" " ind1=" " tag="720">
      <subfield code="a">Martínez Momblan, Mª Antonia</subfield>
      <subfield code="e">author</subfield>
   </datafield>
   <datafield ind2=" " ind1=" " tag="720">
      <subfield code="a">Alonso Fernández, Sergio</subfield>
      <subfield code="e">author</subfield>
   </datafield>
   <datafield ind2=" " ind1=" " tag="720">
      <subfield code="a">Marques Pamies, Montserrat</subfield>
      <subfield code="e">author</subfield>
   </datafield>
   <datafield ind2=" " ind1=" " tag="720">
      <subfield code="a">Vázquez, Federico</subfield>
      <subfield code="e">author</subfield>
   </datafield>
   <datafield ind2=" " ind1=" " tag="720">
      <subfield code="a">Soldevila, Berta</subfield>
      <subfield code="e">author</subfield>
   </datafield>
   <datafield ind2=" " ind1=" " tag="720">
      <subfield code="a">Asensio Wandosell, Diego</subfield>
      <subfield code="e">author</subfield>
   </datafield>
   <datafield ind2=" " ind1=" " tag="720">
      <subfield code="a">Ciriza, Raquel</subfield>
      <subfield code="e">author</subfield>
   </datafield>
   <datafield ind2=" " ind1=" " tag="720">
      <subfield code="a">Santos, Alicia</subfield>
      <subfield code="e">author</subfield>
   </datafield>
   <datafield ind2=" " ind1=" " tag="720">
      <subfield code="a">Valassi, Elena</subfield>
      <subfield code="e">author</subfield>
   </datafield>
   <datafield ind2=" " ind1=" " tag="720">
      <subfield code="a">Webb, Susan</subfield>
      <subfield code="e">author</subfield>
   </datafield>
   <datafield ind2=" " ind1=" " tag="720">
      <subfield code="a">Puig Domingo, Manuel</subfield>
      <subfield code="e">author</subfield>
   </datafield>
   <datafield ind2=" " ind1=" " tag="260">
      <subfield code="c">2025</subfield>
   </datafield>
   <datafield ind2=" " ind1=" " tag="520">
      <subfield code="a">Abstract: The diagnosis of acromegaly is often delayed, leading to facial disfigurements that persist despite endocrine cure. We aimed to study the relationship between facial modifications, quality of life (QoL) and psychological status in patients with acromegaly. Methods: Sixty-five patients in remission or with hormonal disease control participated (29 women and 36 men; mean age 57.4 ± 13.5 years). The following variables were assessed: i) sex; ii) QoL by AcroQoL; iii) anxiety level with the STAI questionnaire; iv) self-esteem by the Rosenberg scale; and v) facial acromegaly phenotypical changes evaluated from face photographs by eight experienced endocrinologists using a Likert scale. Results: The global AcroQoL score for the whole cohort showed mid-range values, with higher median values for men (72.3 vs 56.6, P = 0.022) mostly dependent on the physical domain, which was higher for men (59.0 vs 34.9, P = 0.006), rather than the psychological domain (65.7 vs 54.5, P = 0.069). Anxiety scores were also higher for women (7.3 vs 5.9, P = 0.009). Self-esteem state was high (2.7 ± 0.6 for a maximal value of 3) for the whole cohort without sex differences. A higher difference in the global phenotypic facial acromegaly features score from baseline and post-diagnosis was associated with a lower value on QoL mostly in women (−14.38 95% CI −5.25 to −23.52; P-value = 0.005), with less effect in men (−6.31 95% CI 0.61 to −13.22; P-value = 0.070). Conclusion: In controlled acromegaly, QoL is relatively preserved in both genders, although men have higher general and physical domain scores and lower anxiety status. Facial changes intensity negatively impacted QoL mostly in women.</subfield>
   </datafield>
   <datafield ind1="8" ind2=" " tag="024">
      <subfield code="a">Martínez Momblan, Mª Antonia; Alonso Fernández, Sergio; Marques Pamies, Montserrat [et al.]. Quality of life and psychological status in people with acromegaly in relation to disease-related facial changes. Endocrine Connections, 2025, 14, e240545. Disponible en: &lt;https://ec.bioscientifica.com/view/journals/ec/14/5/EC-24-0545.xml>. Fecha de acceso: 6 oct. 2025. DOI: 10.1530/EC-24-0545</subfield>
   </datafield>
   <datafield ind1="8" ind2=" " tag="024">
      <subfield code="a">2049-3614</subfield>
   </datafield>
   <datafield ind1="8" ind2=" " tag="024">
      <subfield code="a">http://hdl.handle.net/20.500.12328/5056</subfield>
   </datafield>
   <datafield ind1="8" ind2=" " tag="024">
      <subfield code="a">https://dx.doi.org/10.1530/EC-24-0545</subfield>
   </datafield>
   <datafield tag="653" ind2=" " ind1=" ">
      <subfield code="a">Acromegàlia</subfield>
   </datafield>
   <datafield tag="653" ind2=" " ind1=" ">
      <subfield code="a">Canvis facials</subfield>
   </datafield>
   <datafield tag="653" ind2=" " ind1=" ">
      <subfield code="a">Psicologia</subfield>
   </datafield>
   <datafield tag="653" ind2=" " ind1=" ">
      <subfield code="a">Qualitat de vida</subfield>
   </datafield>
   <datafield tag="653" ind2=" " ind1=" ">
      <subfield code="a">Acromegalia</subfield>
   </datafield>
   <datafield tag="653" ind2=" " ind1=" ">
      <subfield code="a">Cambios faciales</subfield>
   </datafield>
   <datafield tag="653" ind2=" " ind1=" ">
      <subfield code="a">Psicología</subfield>
   </datafield>
   <datafield tag="653" ind2=" " ind1=" ">
      <subfield code="a">Calidad de vida</subfield>
   </datafield>
   <datafield tag="653" ind2=" " ind1=" ">
      <subfield code="a">Acromegaly</subfield>
   </datafield>
   <datafield tag="653" ind2=" " ind1=" ">
      <subfield code="a">Facial changes</subfield>
   </datafield>
   <datafield tag="653" ind2=" " ind1=" ">
      <subfield code="a">Psychology</subfield>
   </datafield>
   <datafield tag="653" ind2=" " ind1=" ">
      <subfield code="a">Quality of life</subfield>
   </datafield>
   <datafield ind2="0" ind1="0" tag="245">
      <subfield code="a">Quality of life and psychological status in people with acromegaly in relation to disease-related facial changes</subfield>
   </datafield>
</record></metadata></record></GetRecord></OAI-PMH>